Statistics for Eponyms True or False

Click here to take the quiz!

General Stats

  • This quiz has been taken 19 times
  • The average score is 11 of 15

Answer Stats

QuestionAnswer% Correct
Shish Kebabs are named after a guy named Father Shish Kebap.False
95%
The saxophone is named after a guy named Mister Adolphe Sax.True
95%
The piano is named after a guy named Signore Guiseppe Pianoforte.False
89%
Pudding is named after a guy named Sir Reginald Alistair Puddings.False
89%
Ballerinas are named after a gal named Signora Maria Ballerina.False
89%
The sandwich is named after a guy named John Montagu, 4th Earl of Sandwich.True
89%
The pompadour hairstyle is named after a gal named Madame de Pompadour.True
89%
Helium is named after a guy named Patriarch Echemos Helios.False
84%
The bagel is named after a guy named Mister Shlomo Baygel.False
79%
Boycotts are named after a guy named Captain Charles Boycott.True
79%
Nicotine is named after a guy named Monsieur Nicot.True
68%
Shrapnel is named after a guy named Lieutenant George Shrapnel.True
63%
The Macadamia nut is named after a guy named Doctor John Macadam.True
47%
Salmonella is named after a guy named Dr. Daniel Elmer Salmon.True
42%
Guppies are named after a guy named Mister R.J.L. Guppy.True
37%

Score Distribution

Percentile by Number Answered

Percent of People with Each Score

Your Score History

You have not taken this quiz